Some dogs are very good / (Record no. 3046)

MARC details
000 -LEADER
fixed length control field 00854nam a22002777a 4500
001 - CONTROL NUMBER
control field 3046
003 - CONTROL NUMBER IDENTIFIER
control field FISKH
005 - DATE AND TIME OF LATEST TRANSACTION
control field 20240201103314.0
008 - FIXED-LENGTH DATA ELEMENTS--GENERAL INFORMATION
fixed length control field 240201b cb ||||| |||| 00| 0 eng d
020 ## - INTERNATIONAL STANDARD BOOK NUMBER
International Standard Book Number 9780545016599
040 ## - CATALOGING SOURCE
Original cataloging agency FISKH
Language of cataloging eng
Transcribing agency FISKH
Modifying agency FISKH
050 ## - LIBRARY OF CONGRESS CALL NUMBER
Classification number 420
100 ## - MAIN ENTRY--PERSONAL NAME
Personal name Daniels, Mickey
245 ## - TITLE STATEMENT
Title Some dogs are very good /
Statement of responsibility, etc. by Daniels, Mickey : illustrated by Torrey, Richard
250 ## - EDITION STATEMENT
Edition statement First printing , November 2007
260 ## - PUBLICATION, DISTRIBUTION, ETC.
Place of publication, distribution, etc. New York ;
Name of publisher, distributor, etc. Scholastic ,
Date of publication, distribution, etc. 2007
300 ## - PHYSICAL DESCRIPTION
Extent 16 pages :
Other physical details color illustrations ;
Dimensions 26 cm .
490 ## - SERIES STATEMENT
Series statement Sight Word Tales
505 ## - FORMATTED CONTENTS NOTE
Formatted contents note E <br/><br/>
520 ## - SUMMARY, ETC.
Summary, etc. Find out what Spot is very good at in this very funny story.
521 8# - TARGET AUDIENCE NOTE
Target audience note 280 <br/><br/>
Source Lexile <br/>
521 8# - TARGET AUDIENCE NOTE
Target audience note E <br/><br/>
Source Raz-Plus <br/>
600 ## - SUBJECT ADDED ENTRY--PERSONAL NAME
Source of heading or term sight words
Form subdivision early reader
700 ## - ADDED ENTRY--PERSONAL NAME
Personal name Torrey, Rechard
942 ## - ADDED ENTRY ELEMENTS (KOHA)
Source of classification or shelving scheme Dewey Decimal Classification
Koha item type Books
Suppress in OPAC No
Holdings
Withdrawn status Lost status Source of classification or shelving scheme Damaged status Not for loan Collection Home library Current library Shelving location Date acquired Total Checkouts Full call number Barcode Date due Date last seen Date last checked out Price effective from Koha item type
    Dewey Decimal Classification     Juvenile Fiction Footprints International School Library Network Toul Kork Campus Footprints International School Library Network Toul Kork Campus   02/01/2024 4 DAN 420 FISBK06105 04/08/2026 03/25/2026 03/25/2026 02/01/2024 Books